000 01556cad a22002535a 4500
001 L147516
008 090519s2006 xxk f s s000 0 eng d
020 _a0755929667
022 1 _a0950-2254
035 _a(Sirsi) u147516
041 0 _aeng
050 0 4 _a333.72 $2 18
110 1 _aUniversity of Westminster
_bCentre for Sustainable Development
_95733
245 0 0 _aSustainable development
_ba review of international literature
_h[electronic resource]
260 _a[Edinburgh]
_bScottish Executive Social Research
_c2006
505 2 _aAcknowledgements - Executive summary -- Introduction -- The Scottish context -- Theories and principles for sustainable development -- Food -- Sustainable procurement -- Sustainable consumption -- Green jobs and enterprise -- The built environment -- Environmental protection -- Education for sustainable development -- Environmental justice -- Critical overview and conclusions -- References -- Annexes
520 _aProvides an overview of recent and current academic and "expert" literature and issues relating to various areas of sustainable development, and considers these in the light of principles and priorities for sustainable development in Scotland.
521 _aAdvanced
651 4 _aInternational
690 _aENVIRONMENTAL AND LAND CONSULTANCY-SUSTAINABILITY-SUSTAINABLE DEVELOPMENT
710 1 _aUniversity of Strathclyde
_bLaw School
_95734
856 4 0 _uhttps://www.scotland.gov.uk/Publications/2006/05/23091323/0
_zView the report free of charge at www.scotland.gov.uk...
942 _n0
999 _c109598
_d109598